Nghiên cứu và so sánh một số phương pháp trích đặc trưng cho nhận dạng ký tự tiếng Việt trực tuyến : Luận văn Thạc sĩ Công nghệ Thông tin. Chuyên ngành Hệ thống Thông tin
Nghiên cứu và so sánh một số phương pháp trích đặc trưng cho nhận dạng ký tự tiếng Việt trực tuyến nhằm đánh giá ảnh hưởng của nó đối với nhận dạng chữ viết tay trực tuyến cũng như nghiên cứu các phương pháp đặc trưng ký tự nhằm...
محفوظ في:
| المؤلف الرئيسي: | |
|---|---|
| التنسيق: | كتاب |
| اللغة: | Undetermined |
| منشور في: |
Cần Thơ
Trường Đại học Cần Thơ
2016
|
| الموضوعات: | |
| الوسوم: |
إضافة وسم
لا توجد وسوم, كن أول من يضع وسما على هذه التسجيلة!
|
| Thư viện lưu trữ: | Trung tâm Học liệu Trường Đại học Cần Thơ |
|---|
| LEADER | 01485nam a2200217Ia 4500 | ||
|---|---|---|---|
| 001 | CTU_213599 | ||
| 008 | 210402s9999 xx 000 0 und d | ||
| 082 | |a 006.425 | ||
| 082 | |b Tr300 | ||
| 088 | |a 60480104 | ||
| 100 | |a Trần, Cao Trị | ||
| 245 | 0 | |a Nghiên cứu và so sánh một số phương pháp trích đặc trưng cho nhận dạng ký tự tiếng Việt trực tuyến : | |
| 245 | 0 | |b Luận văn Thạc sĩ Công nghệ Thông tin. Chuyên ngành Hệ thống Thông tin | |
| 245 | 0 | |c Trần Cao Trị ; Phạm Nguyên Khang (hướng dẫn khoa học) | |
| 260 | |a Cần Thơ | ||
| 260 | |b Trường Đại học Cần Thơ | ||
| 260 | |c 2016 | ||
| 520 | |a Nghiên cứu và so sánh một số phương pháp trích đặc trưng cho nhận dạng ký tự tiếng Việt trực tuyến nhằm đánh giá ảnh hưởng của nó đối với nhận dạng chữ viết tay trực tuyến cũng như nghiên cứu các phương pháp đặc trưng ký tự nhằm đề xuất một bộ đặ trưng kí tự, áp dụng cho nhận dạng kí tự tiếng việt với dữ liệu đầu vào là dữ liệu trực tuyến | ||
| 650 | |a Pattern recognition systems,Hệ thống nhận dạng | ||
| 904 | |i Nguyên | ||
| 980 | |a Trung tâm Học liệu Trường Đại học Cần Thơ | ||